| 000 | 00512 a2200169 4500 | ||
|---|---|---|---|
| 003 | NUST | ||
| 005 | 20251021113918.0 | ||
| 040 | _cNust | ||
| 082 | _a621.382,SAL | ||
| 100 |
_aSalman, Ahmed CSUO (TE-37) _9131311 |
||
| 245 |
_aSimulation in matlab and implementation in C language of an OFDM modem / _cCSUO Ahmed Salman, GC Syed Zeeshan Haider and GC Saqib Farrukh |
||
| 260 |
_aRawalpindi _bMCS _c2004 |
||
| 300 | _a77 p | ||
| 650 |
_aUG EE Projects _9131312 |
||
| 651 |
_aTE-37 _9131313 |
||
| 942 |
_cPR _2ddc |
||
| 999 |
_c183102 _d183102 |
||